Visualizzazione normale
Vista MARC
- Dibujo arquitectónico del Renacimiento
di Topical Term
Records bibliografici associati: 1
001 - CONTROL NUMBER
- control field: 45691
003 - CONTROL NUMBER IDENTIFIER
- control field: IT-RoINE
005 - DATE AND TIME OF LATEST TRANSACTION
- control field: 20180309093039.0
008 - FIXED-LENGTH DATA ELEMENTS
- fixed length control field: 180309|| aca||aabn | a|a d
040 ## - CATALOGING SOURCE
- Original cataloging agency: IT-RoINE
- Transcribing agency: IT-RoINE
150 ## - HEADING--TOPICAL TERM
- Topical term or geographic name as entry element: Dibujo arquitectónico del Renacimiento
670 ## - SOURCE DATA FOUND
- Source citation: Work cat.: (IT-RoINE)0: Hollanda, Francisco de, 1517-1584 45690, Os desenhos das antigualhas que vio Francisco D'Ollanda, pintor portuguès (1539-1540) /, 1940.